000 00577nam a2200205Ia 4500
001 64302
003 OSt
005 20150630111322.0
008 150204s9999 xx 000 0 und d
020 _aNA
040 _cPK-LaUMT
082 _a 891.4393
_bRAZ-S
100 _aRazia Butt(رضیہ بٹ)
245 _aSabeen (Urdu)(سبین )
_cRazia Butt(رضیہ بٹ)
260 _aLahore,Pakistan:(لاہور، پاکستان )
_bMaqbool Academy,(مقبول اکیڈمی)
_c1998
300 _a275 p.
546 _aUR
650 _aUrdu literature-Pakistan
942 _cBK
_2ddc
999 _c65451
_d65451